Les états dépressifs (notice n° 1925184)
[ vue normale ]
| 000 -LEADER | |
|---|---|
| fixed length control field | 01366cam a2200145 4500500 |
| 005 - DATE AND TIME OF LATEST TRANSACTION | |
| control field | 20260329023150.0 |
| 041 ## - LANGUAGE CODE | |
| Language code of text/sound track or separate title | fre |
| 042 ## - AUTHENTICATION CODE | |
| Authentication code | dc |
| 100 10 - MAIN ENTRY--PERSONAL NAME | |
| Personal name | Pedinielli, Jean-Louis |
| Relator term | author |
| 245 00 - TITLE STATEMENT | |
| Title | Les états dépressifs |
| 260 ## - PUBLICATION, DISTRIBUTION, ETC. | |
| Name of publisher, distributor, etc. | Armand Colin,<br/> |
| Date of publication, distribution, etc. | 2011.<br/> |
| 520 ## - SUMMARY, ETC. | |
| Summary, etc. | Drame psychologique et familial, phénomène social, problème de santé publique…, les dépressions sont le diagnostic le plus fréquemment évoqué à l’heure actuelle en cas de difficultés psychiques. Ce phénomène n’épargne personne puisqu’il se retrouve chez le bébé comme chez le sujet âgé. Mais, contrairement à d’autres troubles psychiques, la dépression représente un état transitoire – même s’il en existe des formes chroniques – qui, une fois guéri, laisse la personne identique à ce qu’elle était auparavant, mais en proie au souvenir d’une expérience particulièrement insupportable. On trouvera dans cet ouvrage une description précise de cette souffrance, de ses formes, de ses origines et de ses traitements. Cette 2e édition intègre les changements des classifications internationales, les nouvelles données sur les troubles bipolaires et enrichit la partie psychopathologique. |
| 700 10 - ADDED ENTRY--PERSONAL NAME | |
| Personal name | Bernoussi, Amal |
| Relator term | author |
| 856 41 - ELECTRONIC LOCATION AND ACCESS | |
| Uniform Resource Identifier | <a href="https://shs.cairn.info/les-etats-depressifs--9782200270247?lang=fr&redirect-ssocas=7080">https://shs.cairn.info/les-etats-depressifs--9782200270247?lang=fr&redirect-ssocas=7080</a> |
Pas d'exemplaire disponible.




Réseaux sociaux